000 01129nam a22002657a 4500
001 BD-DhSAU 7469
003 BD-DhSAU
005 20231005113215.0
008 150422b2006 bg ||||| m||m 00| 0 eng d
040 _aBD-DhSAU
082 _222
_a571.92
_bW269
100 _aWASEK, WARINA
_eRegistration No. # 15-06718
245 _aEco-friendly management of mungbean yellow mosaic virus (mymv) through barrier crops and colored plastic mulches /
_bMS thesis
260 _aSher-e- Bangla Agricultural University:
_bDepartment of Plant Pathology,
_c2022.
300 _aix, 88p.:
_b30 cm.
500 _aMS thesis of Department of Plant Pathology , Faculty of Agriculture, Sher-e-Bangla Agricultural University, Dhaka, Bangladesh
590 _aNamul
650 _aeco-friendly management
651 _amungbean yellow mosaic virus (mymv)
654 _abarrier crops and colored plastic mulches
700 _aProf. Dr. Md. Belal Hossain
_eSuperviser
700 _aProf. Dr. Fatema Begum
_eCo-Superviser
856 _uhttp://archive.saulibrary.edu.bd:8080/xmlui/handle/123456789/4979
942 _2ddc
_cTHESIS
999 _c17116
_d17115